000 00658nam a22002177a 4500
003 UA-OsUOA
001 50027
007 ta
008 20071019b un ||||| |||| 00| 0 ukr d
100 _aПришляк Г.В.
090 _a330(477)
_bП-12
942 _cSA
040 _aUA-OsUOA
_bukr
_cUA-OsUOA
_dUA-OsUOA
245 _aПроблеми організації банківського управлінського обліку
300 _aС.204-209
955 _a0
041 _aukr
080 _a330(477)
773 0 _w50021
_tРегіональна економіка
_dЛьвів
_d2007
_g2
650 7 _a330 Економіка взагалі
_2UDC
999 _c336125
_d336125